Responses for Show #4847 - Tuesday, October 11, 2005

2005 Back to School Week game 2.

Contestants

[<< previous game]

Dylan Smith, from the Bronx, New York

Brady Newell, from Derwood, Maryland

Madison Ball, from Montgomery, Texas

[next game >>]

Jeopardy! Round responses

NATIVE AMERICAN HISTORY
WARNER BROS. ANIMATION
THE SOLAR SYSTEM
GAMES PEOPLE PLAY
GOIN' MOBILE
"OFF" THE BEATEN PATH
    $200 26
Columbus

Madison
    $200 1
Sylvester & Tweety

Brady
    $200 6
Galileo

Brady
    $200 11
Battleship

Dylan
    $200 14
Toyota

Dylan
    $200 20
coffee

Madison
    $400 27
corn

Madison
    $400 2
the Teen Titans

Madison
    $400 7
Mars

Madison
    $400 12
(Madison: What is Cell...)

Tetris

Madison
Triple Stumper
    $400 17
(Brady: What is the B&O Railroad?)

Amtrak

Brady
Triple Stumper
    $400 21
(Brady: What is UPS?)
...
(Alex: "O-F-F" must come up in each correct response.)

the post office

BradyDylan
    $600 28
[The end-of-round signal sounds.]

a peace pipe

Madison
    $600 3
Krypto the Superdog

Dylan
    $800 8
comets

Madison
    $600 13
Life

Brady
    $600 18
The Spirit of St. Louis

Madison
    $600 22
offline

Madison
    $800 4
Static Shock

Dylan
    $800 9
(Brady: What is Venus?)

Titan

Brady
Triple Stumper
    $800 15
Cranium

Madison
    $800 19
Honda

Brady
    $800 23
a kickoff

Dylan
    $1000 5
Xiaolin Showdown

Dylan
    $1000 10
(Dylan: What is Mercury?)
(Madison: What is a solar flare?)

solar wind

MadisonDylan
Triple Stumper
    $1000 16
Perfection

Dylan
    $1000 25
a spike

Madison
    $1000 24
a tip-off

Triple Stumper

Scores at the first commercial break (after clue 12):

Madison Brady Dylan
$200 -$400 $1,600

Scores at the end of the Jeopardy! Round:

Madison Brady Dylan
$4,600 $200 $4,000

Double Jeopardy! Round responses

THE HUMAN BODY
MUSICAL THEATRE
ON THE MAP
PRESIDENTIAL FAMILIES
ENCYCLOPEDIA: BROWN
AUTUMN WORDS
    $400 7
206

Brady
    $400 2
The Lion King

Madison
    $400 18
a compass

Madison
    $400 22
(Brady: Who is John Adams?)

Thomas Jefferson

MadisonBrady
    $400 16
Peanuts

Dylan
    $400 1
a bonfire

Madison
    $800 8
saliva

Dylan
    $800 3
(Madison: What is Oliver Twist?)
(Brady: Who is Oliver Twist?)

the Artful Dodger

MadisonBrady
Triple Stumper
    $800 19
an atlas

Brady
    $800 17
(Brady: What is the cello?)

a spider

Brady
Triple Stumper
    $800 12
thanksgiving (thanks accepted)

Brady
    $1200 9
(Madison: What is a bicep?)
(Alex: [*] is right, I don't have one.)
[Madison's response was accepted without issue.]

biceps

Madison
    $1200 4
Seussical: The Musical

Madison
    $1200 20
(Madison: What is a county head?)
(Brady: What is a city hall?)
...
(Alex: Madison, it's far away from the head. It's [*].)

the county seat

MadisonBrady
Triple Stumper
    $1200 24
molasses

Madison
    $1200 13
nip

Dylan
    $1600 10
your knee

Dylan
    $1600 5
Chitty Chitty Bang Bang

Madison
    $1600 21
Tropics

Brady
    $1600 25
[The end-of-round signal sounds.]
...
(Alex: Brady, you faltered a little, you tried to dig yourself out of the hole and I'm sorry to say it didn't work; but you're going home with a new computer and $1,000.)

John Brown

Triple Stumper
    $1600 14
(Brady: What are the pansies?)

the autumn mist

Brady
Triple Stumper
    $2000 11
(Dylan: What is Claritin?)

cartilage

MadisonDylan
    $2000 6
(Brady: Who is Annie Oakland?)
(Alex: Yes. No, sorry. Madison or Dylan? You were so close, Brady.)
(Brady: It's Annie Oakland.)
(Alex: No, it's [*]. Oakland is a city in California.)

Annie Oakley

Brady
Triple Stumper
    $2000 23
(Brady: What's the Prime Meridian?)
(Alex: Hmm, ooh. No, we can't accept that.)
...
(Alex: Yes, not the Prime Meridian. The Prime Meridian is only one of them.)

the meridians

MadisonBrady
    $2,000 15
(Dylan: No.)
(Alex: Wanna take a guess?)
(Dylan: No.)

October

Dylan

Scores at the end of the Double Jeopardy! Round:

Madison Brady Dylan
$13,400 -$5,000 $4,000
(lock game)

[wagering suggestions for these scores]

Final Jeopardy! Round responses

CLASSIC LITERATURE
DylanWhat is Tornado
$3,000
MadisonWhat is The Wizard of Oz? [scribbly sketch of a cyclone]
$5,399
The Wizard of Oz

Final scores:

Madison Brady Dylan
$18,799 -$5,000 $1,000
Winner: $18,799 + an AOL personal computer package + Classroom Jeopardy! 3rd place: $1,000 + an AOL personal computer package + Classroom Jeopardy! 2nd place: $2,000 + an AOL personal computer package + Classroom Jeopardy!

Game dynamics:

Coryat scores:

Madison Brady Dylan
$13,200 -$5,000 $6,000
21 R
(including 1 DD),
4 W
8 R,
10 W
12 R,
3 W
(including 1 DD)

Combined Coryat: $14,200

[game clues] [game scores] [suggest correction]

Game tape date: 2005-09-12
The J! Archive is created by fans, for fans. Scraping, republication, monetization, and malicious use prohibited; this site may use cookies and collect identifying information. See terms. The Jeopardy! game show and all elements thereof, including but not limited to copyright and trademark thereto, are the property of Jeopardy Productions, Inc. and are protected under law. This website is not affiliated with, sponsored by, or operated by Jeopardy Productions, Inc. Join the discussion at JBoard.tv.